000
00269nam a2200121Ia 4500
008
240625s9999 xx 000 0 und d
041
_a
eng
082
_a
005.54 BAK
100
_a
DAMANI RAMESH
245
_a
WIZARDS OF DALAL STREET
260
_c
2007
365
_c
RS
_b
10
999
_c
33733
_d
33733